Регионална библиотека "Любен Каравелов" - Русе

Нал и Дамаянти (Запис номер 428365)

MARC детайли
000 -Лидер
Контролно поле с фиксирана дължина nam a22 a 4500
003 - Код на организацията, давaща контролен номер
Контролно поле BLK
005 - Дата и час на последна редакция
Контролно поле 20210813114135.0
008 - Елементи от данни с фиксирана дължина
fixed length control field 180911b bul|||||r ||||||| ||bul||
040 ## - Източник на каталожния запис
Идентификатор на билиотеката - собственик на записа BLK
041 ## - Код за език
Код за езика на текст/звукозапис или на отделно заглавие Български
Код за езика КДБФ Български
080 ## - УДК
Текстов определител УДК Индийска литература
УДК код - определител по УДК 821.21
УДК определител -32
УДК - код + определител 821.21-32
139 ## - Редно поле
Редна дума Нал и Дамаянти
245 10 - Сведения за заглавието
Заглавие Нал и Дамаянти
Подзаглавни данни Инд. повест
Редно поле (дума) прев. от рус. [Иван П. Кепов]
257 ## - Страна на издаване
Страна на създаване/издаване Индия
260 ## - Област на издателските данни
Място на издаване, разпространение и проч. София
Име на издателя, разпространителя и проч. б.и.
Година на издаване 1890
9 (RLIN) 393107
Печатница (София : Либер. клуб)
300 ## - Физическа характеристика
Страници XIV, 85 с.
Размери/Мащаб 22 см
380 ## - Жанр
Жанр Худож. лит.
490 ## - СЕРИИ (Колекции)
Име на серия Колекция Редки и ценни издания
9 (RLIN) 435080
653 ## - Ключова дума – ненормативна
Ключова дума епос
653 ## - Ключова дума – ненормативна
Ключова дума повести
655 ## - Ключова дума – жанр/разновидност
Данни за жанр/разновидност или ключова дума за фокус индийска литература
700 ## - Други автори (авторска отговорност)
Лично име Кепов, Иван Петров
Автороска отговорност (Описва отношението между автора и произведението) прев. от рус.
9 (RLIN) 378640
852 ## - Местоположение
Форматна сигнатура Рр 890
Фондова буква Редки и ценни
999 ## - СИСТЕМНИ КОНТРОЛНИ НОМЕРА
Koha biblionumber 428365
Koha biblioitemnumber 428365
942 ## - АРТИКУЛИ
Вид на библиотечния материал Книги
Скрит в OPAC Не
Периодичен библиозапис Да
944 ## - СЪЗДАВАНЕ И РЕДАКЦИЯ на ЗАПИСА
Създаване/Редакция Създаване
Дата на регистрацията/редакция 2021-08-13
Служител, извършил регистрацията/редакцията ВК
Наличности
Код за отписване Код за изгубен артикул Източник на класификационната схема Код за повреда Коз за рестрикции Код за отдаване Артикулен № Име на библиотеката - собственик Име на библиотеката, в която се намира в момента Статус (Текущо местоположение) Дата на вписване в системата Местоположение - отдел Цена в лева Инвентарен номер Систематично азбучна сигнатура Баркод Цена в евро Служебен тип на артикула
  Не е изгубен Universal Decimal Classification Не е повреден само за читалня Специални фондове ( старопечатни, редки и ценни, фонд М. Арнаудов) 855926 Регионална библиотека "Любен Каравелов" Русе Регионална библиотека "Любен Каравелов" Русе Редки и ценни 2021-09-27 Редки и ценни 0.15 12853/58 Рр 890 900000074379 0.08 Книги
Vip Innovations Ltd, Rousse, Bulgaria 2025